LEADER 02726nam 2200361 450 001 9910765545103321 005 20240215175018.0 010 $a1-83768-551-7 035 $a(CKB)5580000000706310 035 $a(NjHacI)995580000000706310 035 $a(EXLCZ)995580000000706310 100 $a20240215d2023 uy 0 101 0 $aeng 135 $aur||||||||||| 181 $ctxt$2rdacontent 182 $cc$2rdamedia 183 $acr$2rdacarrier 200 10$aBridging science and practical appliance in resistance training /$fDaniel A. Marinho [and three others] 210 1$aLondon :$cIntechOpen,$d2023. 215 $a1 online resource $cillustrations 311 $a1-83768-550-9 327 $a1. A Study on the Relationship between Health and Physical Fitness and School Life of Children -- 2. Accessible Resistance Movement Experiences for Elementary Students and Educators -- 3. Resistance Training is Medicine: Stay Active and Reap the Reward, Live in your Life! -- 4. Perspective Chapter: Resistance Exercises for Musculoskeletal Disorders -- 5. Guidelines for Prenatal and Postpartum Resistance Training -- 6. Strength Training, Quality of Life, and Health in Elderly -- 7. Functional Capacity in Advanced Older Adults. 330 $aBridging Science and Practical Appliance in Resistance Training is a groundbreaking scientific exploration of the art and science behind one of the most effective training methodologies in sports. In this book, leading experts in the field of sports sciences delve deep into the intricacies of resistance training, offering a wealth of knowledge and practical guidance to help you achieve your fitness goals. Whether you're a professional athlete, a fitness enthusiast, or a coach seeking to optimize performance for your team, this book is an indispensable resource. Explore the science behind resistance training, uncovering the physiological and biomechanical principles that underpin this transformative training method. Design tailored training programs based on your specific goals, employing evidence-based periodization strategies, exercise selection techniques, and optimal training frequencies. Master proper lifting techniques with detailed instructions and step-by-step guidance. Learn the vital role of recovery and nutrition in supporting your resistance training endeavors. 606 $aSustainable development$xEconomic aspects 615 0$aSustainable development$xEconomic aspects. 676 $a338.927 700 $aMarinho$b Daniel A.$01643368 801 0$bNjHacI 801 1$bNjHacI 906 $aBOOK 912 $a9910765545103321 996 $aBridging science and practical appliance in resistance training$93988584 997 $aUNINA